000 01180nam a2200301 i 4500
003 DO-SdBNP
005 20240701150829.0
007 ta
008 240422s2001 dr 000 j spa d
020 _a9993481709
040 _aDO-SdBNP
_bspa
_cBNPHU
_erda
082 4 _bU15h
_222
100 _aUbiñas Renville, Guaroa,
_d1944-
_96462
_eautor
245 1 3 _aLa historia y leyenda de Mamá Tingo /
_cGuaroa Ubiñas Renville
246 1 0 _aMamá Tingó
264 1 _aSanto Domingo :
_bLetra Gráfica,
_c2001.
300 _a12 páginas ;
_c21 cm.
336 _2rdacontent
_atexto
_btxt
337 _2rdamedia
_asin mediación
_bn
338 _2rdacarrier
_avolumen
_bnc
490 _aLeyendas dominicanas
_v2
490 _a historias, mitos y leyendas
500 _aIncluye datos biografícos del autor en la contracubierta.
520 _aLa historia y leyenda de Mamá Tingo es un relato arraigado en la cultura popular de la República Dominicana. Mamá Tingo es un personaje legendario que representa la lucha y la resistencia de las mujeres campesinas contra la opresión y la injusticia.
590 _aInventariado, 2024/ YL
910 _aYLockward
942 _2ddc
_cLF2
999 _c56475
_d56475